<?xml version="1.0" encoding="UTF-8"?>
<record
    xmlns:xsi="http://www.w3.org/2001/XMLSchema-instance"
    xsi:schemaLocation="http://www.loc.gov/MARC21/slim http://www.loc.gov/standards/marcxml/schema/MARC21slim.xsd"
    xmlns="http://www.loc.gov/MARC21/slim">

  <leader>01581nam a2200253 a 4500</leader>
  <controlfield tag="005">20140908095041.0</controlfield>
  <controlfield tag="008">140123b2005    ck ||||| |||| 00| 0 spa d</controlfield>
  <datafield tag="041" ind1=" " ind2=" ">
    <subfield code="a">spa</subfield>
  </datafield>
  <datafield tag="044" ind1=" " ind2=" ">
    <subfield code="a">ck</subfield>
  </datafield>
  <datafield tag="090" ind1=" " ind2=" ">
    <subfield code="a">IAVH</subfield>
    <subfield code="b">00364</subfield>
  </datafield>
  <datafield tag="100" ind1="1" ind2=" ">
    <subfield code="a">Tejada-Galvis, Jorge Omar</subfield>
    <subfield code="9">4897</subfield>
  </datafield>
  <datafield tag="245" ind1="1" ind2="0">
    <subfield code="a">Plan de usos y aprovechamiento de los recursos naturales Asociaci&#xF3;n "IVIAO" veredad la Palmera municipio de Salento-Quind&#xED;o</subfield>
  </datafield>
  <datafield tag="260" ind1=" " ind2=" ">
    <subfield code="a">Armenia</subfield>
    <subfield code="b">Instituto Alexander von Humboldt</subfield>
    <subfield code="c">2005</subfield>
  </datafield>
  <datafield tag="300" ind1=" " ind2=" ">
    <subfield code="a">147 p.</subfield>
    <subfield code="c">28 cm.</subfield>
  </datafield>
  <datafield tag="500" ind1=" " ind2=" ">
    <subfield code="a">Incluye documento de anexos</subfield>
  </datafield>
  <datafield tag="520" ind1=" " ind2=" ">
    <subfield code="a">Formulaci&#xF3;n de planes de uso y aprovechamiento de los recursos naturales de la regi&#xF3;n en el contexto del Proyecto Fortalecimiento y Capacitaci&#xF3;n para el Desarrollo Empresarial Sostenible, a partir del productos del bosque. Se elaboran los mapas de la zona de influencia de la Asociaci&#xF3;n. Se describe la zona de influecnia de las asociaciones participantes en cuanto a aspectos biof&#xED;sicos y sociales: Se formulan propuestas de gesti&#xF3;n de la calidad y buenas pr&#xE1;cticas agr&#xED;colas, con su sistema de control para las empresas de la zona de estudio, se capacita a los asociados en aspectos relacionados con el plan de uso y aprovechamiento de los recursos naturales, las buenas pr&#xE1;cticas agr&#xED;colas y el marco normativo para el manejo de proveedores</subfield>
  </datafield>
  <datafield tag="650" ind1=" " ind2="4">
    <subfield code="a">Recursos naturales </subfield>
    <subfield code="9">26536</subfield>
  </datafield>
  <datafield tag="650" ind1=" " ind2="4">
    <subfield code="a">Uso y aprovechamiento </subfield>
    <subfield code="9">4899</subfield>
  </datafield>
  <datafield tag="650" ind1=" " ind2="4">
    <subfield code="a">Desarrollo empresarial</subfield>
    <subfield code="9">4900</subfield>
  </datafield>
  <datafield tag="650" ind1=" " ind2="4">
    <subfield code="a">Impacto ambiental </subfield>
    <subfield code="9">26537</subfield>
  </datafield>
  <datafield tag="650" ind1=" " ind2="4">
    <subfield code="a">Buenas pr&#xE1;cticas agr&#xED;colas</subfield>
    <subfield code="9">4901</subfield>
  </datafield>
  <datafield tag="942" ind1=" " ind2=" ">
    <subfield code="c">INFORME</subfield>
    <subfield code="2">z</subfield>
  </datafield>
  <datafield tag="945" ind1=" " ind2=" ">
    <subfield code="d">2005-07-06</subfield>
  </datafield>
  <datafield tag="999" ind1=" " ind2=" ">
    <subfield code="c">4635</subfield>
    <subfield code="d">4635</subfield>
  </datafield>
  <datafield tag="952" ind1=" " ind2=" ">
    <subfield code="0">0</subfield>
    <subfield code="1">0</subfield>
    <subfield code="2">z</subfield>
    <subfield code="4">0</subfield>
    <subfield code="7">0</subfield>
    <subfield code="8">HUMBOLDT</subfield>
    <subfield code="I">INV2017</subfield>
    <subfield code="a">Bogota</subfield>
    <subfield code="b">Bogota</subfield>
    <subfield code="d">2005-07-06</subfield>
    <subfield code="e">Lozada,Paola</subfield>
    <subfield code="l">0</subfield>
    <subfield code="o">IAVH-00364</subfield>
    <subfield code="p">044212</subfield>
    <subfield code="r">2024-08-09 00:00:00</subfield>
    <subfield code="t">Ej. 1</subfield>
    <subfield code="w">2012-12-04</subfield>
    <subfield code="y">INFORME</subfield>
  </datafield>
</record>
